000 00667nam a2200241 a 4500
001 22773
003 SK-KTurca
005 20260423125941.0
008 060405s1984 xo slo d
020 _c28.00
035 _aMIZKGZ13177
040 _aMIZKGZ
_bslo
_cMIZKGZ
041 0 _aslo
245 _aMore vo fľaštičke
_cDušan Kállay
250 _a1. vyd.
260 _aBratislava
_bMladé letá
_c1984
300 _a224 s. viaz.
650 0 7 _aautorské rozprávky
_2MIZKGZ
700 1 _aKállay, Dušan,
_d1948-
_4ill
700 1 _aSliacky, Ondrej,
_d1941-
_4com
942 _2ddc
_cKLDE
_n0
999 _c22773
_d22773